| 000 | 01038nam a22003137a 4500 | ||
|---|---|---|---|
| 001 | 1537 | ||
| 003 | CO-MdFUSB | ||
| 005 | 20190202100348.0 | ||
| 008 | 170425t1968 s ||||| |||| 00| 0 s d | ||
| 040 |
_aCO-MdFUSB _bspa _cCO-MdFUSB _dCO-MdFUSBC _erda |
||
| 041 | 0 | _aspa | |
| 082 | 0 | 4 | _aG 211 O352c |
| 100 | 1 |
_aOgletree, Thomas W. _eautor |
|
| 245 |
_aControversia sobre "La muerte de Dios" _c / Thomas W. Ogletree |
||
| 264 | 4 |
_aBarcelona, España : _b Kairós, _c©1968 |
|
| 300 | _a127 Pag. | ||
| 336 |
_2rdacontent _a1 _ba1 |
||
| 337 |
_2rdamedia _a2 _b5 |
||
| 338 |
_2rdacarrier _a2 _b5 |
||
| 500 | _aTítulo original : The "Death of God" controversy | ||
| 505 | 0 | 0 | _aEncuadramiento de la teología radical -- fragmentos teológicos -- el problema del significado -- ateísmo cristiano |
| 650 | 7 |
_aDios _2 _9178 |
|
| 650 | 7 |
_aTeología bíblica _9320 |
|
| 653 | _aMuerte de Dios - Teología | ||
| 653 | _aAltizer, Thomas J.J. | ||
| 653 | _aHamilton, William, 1924- | ||
| 653 | _aVan Buren, Paul Mathews, 1924- | ||
| 942 | _cBK | ||
| 999 |
_c32856 _d32856 |
||